[Event "Quebec-ch U16"]
[Site "Montreal"]
[Date "1990.03.03"]
[Round "5"]
[White "Castillo, Anthony"]
[Black "Payette, Martin"]
[Result "0-1"]
[WhiteElo "1534"]
[BlackElo "1551"]
[PlyCount "85"]
[EventDate "1990.03.01"]
[EventType "tourn"]
[EventRounds "7"]
[EventCountry "CAN"]
[SourceTitle "EXT 2022"]
[Source "ChessBase"]
[SourceDate "2021.10.06"]
[SourceVersion "1"]
[SourceVersionDate "2021.10.06"]
[SourceQuality "1"]

1. d4 Nf6 2. c4 g6 3. Nc3 Bg7 4. e4 0-0 5. Be2 d6 6. Bg5 e5 7. dxe5 dxe5 8. Qxd8 Rxd8 9. Bxf6 Bxf6 10. Nd5 Nd7 11. Nxc7 Rb8 12. 0-0-0 Nc5 13. f3 Bg5+ 14. Kc2 f5 15. Nh3 Be7 16. Nd5 Bd6 17. b4 Ne6 18. f4 Nd4+ 19. Kd3 fxe4+ 20. Ke3 Nxe2 21. fxe5 Bxe5 22. Ne7+ Kf7 23. Rxd8 Kxe7 24. Rd5 Kf6 25. Rf1+ Bf5 26. Kxe2 Rc8 27. g4 Rxc4 28. a3 Ke6 29. Rxe5+ Kxe5 30. gxf5 gxf5 31. Rf2 h6 32. Rg2 f4 33. Rg4 f3+ 34. Kd1 Rd4+ 35. Ke1 Rd3 36. Nf2 Re3+ 37. Kf1 Re2 38. Rg3 Ra2 39. Ke1 Ra1+ 40. Kd2 Rxa3 41. Ng4+ Kf4 42. Ke1 e3 43. Nxe3 0-1